<?xml version="1.0" encoding="UTF-8"?>
<record
    xmlns:xsi="http://www.w3.org/2001/XMLSchema-instance"
    xsi:schemaLocation="http://www.loc.gov/MARC21/slim http://www.loc.gov/standards/marcxml/schema/MARC21slim.xsd"
    xmlns="http://www.loc.gov/MARC21/slim">

  <leader>01886nam a22003377a 4500</leader>
  <controlfield tag="001">00260</controlfield>
  <controlfield tag="003">DO-SdBPM</controlfield>
  <controlfield tag="005">20260210124124.0</controlfield>
  <controlfield tag="007">ta</controlfield>
  <controlfield tag="008">151112b1998  sp    |||| 00| 0 spa d</controlfield>
  <datafield tag="020" ind1=" " ind2=" ">
    <subfield code="a">8420747823</subfield>
  </datafield>
  <datafield tag="040" ind1=" " ind2=" ">
    <subfield code="a">DO-SdBPM</subfield>
    <subfield code="b">spa</subfield>
    <subfield code="c">BPMSU</subfield>
    <subfield code="e">rda</subfield>
  </datafield>
  <datafield tag="082" ind1=" " ind2="4">
    <subfield code="a">980.01</subfield>
    <subfield code="b">Z36a 1998</subfield>
    <subfield code="2">22</subfield>
  </datafield>
  <datafield tag="100" ind1="1" ind2=" ">
    <subfield code="a">Zaragoza  Ruvira, Gonzalo. </subfield>
    <subfield code="4">aut.</subfield>
    <subfield code="e">autor </subfield>
  </datafield>
  <datafield tag="245" ind1="1" ind2="0">
    <subfield code="a">Am&#xE9;rica Latina : </subfield>
    <subfield code="b">&#xE9;poca colonial /</subfield>
    <subfield code="c">Gonzalo Zaragoza ;  coordinaci&#xF3;n editorial : Juan Diego P&#xE9;rez Gonz&#xE1;lez, Enrique Posse Andrada</subfield>
  </datafield>
  <datafield tag="264" ind1=" " ind2=" ">
    <subfield code="a">Madrid : </subfield>
    <subfield code="b">Anaya, </subfield>
    <subfield code="c">1998</subfield>
  </datafield>
  <datafield tag="300" ind1=" " ind2=" ">
    <subfield code="a"> 93 p&#xE1;ginas </subfield>
    <subfield code="b">ilustraciones ; </subfield>
    <subfield code="c">19 cm.</subfield>
  </datafield>
  <datafield tag="336" ind1=" " ind2=" ">
    <subfield code="a">texto</subfield>
    <subfield code="b">txt</subfield>
    <subfield code="2">rdacontent</subfield>
  </datafield>
  <datafield tag="337" ind1=" " ind2=" ">
    <subfield code="a">sin mediaci&#xF3;n </subfield>
    <subfield code="b">n</subfield>
    <subfield code="2">rdamedia </subfield>
  </datafield>
  <datafield tag="338" ind1=" " ind2=" ">
    <subfield code="a">volumen </subfield>
    <subfield code="b">nc</subfield>
    <subfield code="2">rdacarrier </subfield>
  </datafield>
  <datafield tag="490" ind1="0" ind2=" ">
    <subfield code="a">Biblioteca b&#xE1;sica de historia ;</subfield>
    <subfield code="a">Monograf&#xED;a</subfield>
  </datafield>
  <datafield tag="500" ind1=" " ind2=" ">
    <subfield code="a">Incluye &#xED;ndice alfab&#xE9;tico </subfield>
  </datafield>
  <datafield tag="504" ind1=" " ind2=" ">
    <subfield code="a">Bibliograf&#xED;a : p&#xE1;gina 95</subfield>
  </datafield>
  <datafield tag="505" ind1="0" ind2=" ">
    <subfield code="a">Los reinos de Indias : un solo rey, muchas preguntas, 4.-- Econom&#xED;as locales, minas y comercio trasatl&#xE1;ntico, 8.-- Del rey abajo : funcionarios, colonos e indios, 16.-- Blancos, indios y negros, 22.-- Las ciudades, las haciendas y el continente, 30.-- &#xBF;Comerciantes o contrabandistas?, 38.-- La iglesia. las &#xF3;rdenes religiosas y la cultura, 46.-- Un imperio rodeado de fronteras y de rebeliones, 54.-- Americanos blancos : los criollos, 62.-- Las reformas borb&#xF3;nicas : muy tarde, muy breves, 66.-- Brasil : el ciclo del az&#xFA;car y el ciclo del oro, 76.-- La independencia : varias rep&#xFA;blicas, dos imperios, 84.-- Datos para una historia, 90.-- Glosario, 92.-- &#xCD;ndice alfab&#xE9;tico, 94.-- Bibliograf&#xED;a, 96.</subfield>
  </datafield>
  <datafield tag="590" ind1=" " ind2=" ">
    <subfield code="a">Inventariado, 2026/VM</subfield>
  </datafield>
  <datafield tag="651" ind1=" " ind2="7">
    <subfield code="a">Am&#xE9;rica Latina</subfield>
    <subfield code="x">Historia </subfield>
    <subfield code="v">Hasta 1830. </subfield>
  </datafield>
  <datafield tag="700" ind1="1" ind2=" ">
    <subfield code="a">Prats i Cuevas, Joaqu&#xED;n,</subfield>
    <subfield code="e">coordinador </subfield>
  </datafield>
  <datafield tag="700" ind1="1" ind2=" ">
    <subfield code="a">Posse Andrada, Enrique </subfield>
    <subfield code="e">coordinador </subfield>
  </datafield>
  <datafield tag="910" ind1=" " ind2=" ">
    <subfield code="a">VMateo V. Control de calidad. BPMSU </subfield>
  </datafield>
  <datafield tag="942" ind1=" " ind2=" ">
    <subfield code="2">ddc</subfield>
    <subfield code="c">BK</subfield>
  </datafield>
  <datafield tag="952" ind1=" " ind2=" ">
    <subfield code="0">0</subfield>
    <subfield code="1">0</subfield>
    <subfield code="2">ddc</subfield>
    <subfield code="7">0</subfield>
    <subfield code="8">CD</subfield>
    <subfield code="a">BPMET</subfield>
    <subfield code="b">BPMET</subfield>
    <subfield code="d">2026-02-10</subfield>
    <subfield code="l">0</subfield>
    <subfield code="o">BPMSU CD 980.01 Z36a 1998</subfield>
    <subfield code="p">BPMSU26020057</subfield>
    <subfield code="r">2026-02-10</subfield>
    <subfield code="w">2026-02-10</subfield>
    <subfield code="y">BK</subfield>
  </datafield>
  <datafield tag="999" ind1=" " ind2=" ">
    <subfield code="c">15678</subfield>
    <subfield code="d">15678</subfield>
  </datafield>
</record>
